| 000 -ლიდერი |
| ფიქსირებული სიგრძის საკონტროლო ველი |
01592nam a2200253Ia 4500 |
| 001 - საკონტროლო ნომერი |
| საკონტროლო ველი |
347 |
| 003 - საკონტროლო ნომრის იდენტიფიკატორი |
| საკონტროლო ველი |
GE_BSU |
| 005 - ბოლო ოპერაციის თარიღი და დრო |
| საკონტროლო ველი |
20200127115551.0 |
| 008 - ფიქსირებული სიგრძის მონაცემთა ელემენტები - ზოგადი ინფორმაცია |
| ფიქსირებული სიგრძის საკონტროლო ველი |
181216s2009||||ge |||||||||||||| ||geo|| |
| 020 ## - წიგნის საერთაშორისო სტანდარტული ნომერი |
| International Standard Book Number |
978994101086 |
| 040 ## - კატალოგიზაციის წყარო |
| Transcribing agency |
GE_BSU |
| 041 ## - ენის კოდი |
| Language code of text/sound track or separate title |
geo |
| 080 ## - უნივერსალური ათობითი კლასიფიკაციის ინდექსი |
| Universal Decimal Classification number |
005.7 თ-29 |
| 245 ## - ცნობა სათაურის შესახებ |
| Title |
თანამედროვე ორგანიზაციების მართვა |
| Remainder of title |
ჟურნალ "სტრატეგია და ორგანიზაციის" საუკეთესო სტატ. კრებული / |
| Statement of responsibility, etc |
[ავტ. ჯგ.: პაპუნა ტოლიაშვილი, მამია მოცრაძე, დავით წინწკალაძე და სხვ. ; რედ. ნუკრი მიხანაშვილი ; ილ. მერაბ კოპალეიშვილი]. |
| 264 ## - წარმოების, გამოცემის, დისტრიბუციის და სხვა ცნობები |
| გამოცემის, წარმოების, დისტრიბუციის... ადგილი |
თბილისი : |
| გამოცემის, წარმოების, დისტრიბუციის... სახელწოდება |
სინერჯის ბიზნეს გამ-ბა, |
| გამოცემის, წარმოების, დისტრიბუციის... თარიღი |
2009. |
| 300 ## - ფიზიკური აღწერა |
| Extent |
205 გვ.; |
| Other physical details |
19 სმ. |
| 653 ## - INDEX TERM--UNCONTROLLED |
| Uncontrolled term |
ორგანიზაციების მართვა |
| 700 ## - ADDED ENTRY--PERSONAL NAME |
| Personal name |
ტოლიაშვილი, პაპუნა |
| Relator term |
ავტორი |
| 9 (RLIN) |
6389 |
| 700 ## - ADDED ENTRY--PERSONAL NAME |
| Personal name |
მოცრაძე, მამია |
| Relator term |
ავტორი |
| 9 (RLIN) |
6390 |
| 700 ## - ADDED ENTRY--PERSONAL NAME |
| Personal name |
წინწკალაძე, დავით და სხვ. |
| Relator term |
ავტორი |
| 9 (RLIN) |
6391 |
| 700 ## - ADDED ENTRY--PERSONAL NAME |
| Personal name |
მიხანაშვილი, ნუკრი |
| Relator term |
რედაქტორი |
| 9 (RLIN) |
6392 |
| 700 ## - ADDED ENTRY--PERSONAL NAME |
| Personal name |
კოპალეიშვილი, მერაბ |
| Relator term |
მხატვარი |
| 9 (RLIN) |
6393 |
| 942 ## - ADDED ENTRY ELEMENTS (KOHA) |
| Koha item type |
წიგნი |
| Source of classification or shelving scheme |
|